Statistics for Complete the Card - WWE Royal Rumble 2004

Click here to take the quiz!

General Stats

  • This quiz has been taken 301 times
  • The average score is 11 of 13

Answer Stats

Answer% Correct
Chris Benoit
95%
Triple H
95%
Brock Lesnar
90%
Bubba Ray Dudley
90%
D-Von Dudley
90%
Shawn Michaels
90%
Eddie Guerrero
85%
Rey Mysterio
85%
Chavo Guerrero
84%
Batista
75%
Ric Flair
72%
Hardcore Holly
70%
Jamie Noble
66%

Score Distribution

Percentile by Number Answered

Percent of People with Each Score

Your Score History

You have not taken this quiz